[Event "Oberliga Bayern 0708"]
[Site "Bayern"]
[Date "2007.12.09"]
[Round "4.4"]
[White "Zuehlke, Burkhard"]
[Black "Grundherr, Martin"]
[Result "0-1"]
[WhiteElo "2013"]
[BlackElo "2282"]
[PlyCount "120"]
[EventDate "2007.10.21"]
[EventType "team-tourn"]
[EventRounds "9"]
[EventCountry "GER"]
[SourceTitle "EXT 2009"]
[Source "ChessBase"]
[SourceDate "2008.11.26"]
[SourceVersion "1"]
[SourceVersionDate "2008.11.26"]
[SourceQuality "1"]
[WhiteTeam "Zirndorf"]
[BlackTeam "Pang/Rosenheim"]
[WhiteTeamCountry "GER"]
[BlackTeamCountry "GER"]

1. d4 d5 2. c4 c6 3. Nf3 Nf6 4. Nc3 dxc4 5. a4 c5 6. d5 e6 7. e4 Nxe4 8. Nxe4 exd5 9. Ng3 Nc6 10. Be2 Be7 11. 0-0 0-0 12. Re1 Be6 13. Bf1 a6 14. Bf4 b5 15. axb5 axb5 16. Rxa8 Qxa8 17. Ng5 Nd4 18. Qh5 Bxg5 19. Bxg5 f6 20. Bf4 Re8 21. h3 Bf7 22. Qd1 Bg6 23. Be3 Nc2 24. Re2 d4 25. Bf4 d3 26. Rxe8+ Qxe8 27. Qf3 Qd7 28. h4 h5 29. Bd2 Nd4 30. Qd1 Nb3 31. Be3 Qg4 32. Qxg4 hxg4 33. h5 Bh7 34. f3 gxf3 35. gxf3 d2 36. Be2 Bc2 37. Ne4 d1Q+ 38. Bxd1 Bxd1 39. Nxc5 Nxc5 40. Bxc5 Bxf3 41. h6 gxh6 42. Kf2 Bd1 43. Ke3 Kf7 44. Ke4 Ke6 45. Bb4 h5 46. Be1 Bc2+ 47. Kf4 f5 48. Bf2 Bd1 49. Bh4 Bg4 50. Ke3 Kd5 51. Be7 Ke5 52. Bg5 b4 53. Be7 c3 54. Bxb4 c2 55. Bc3+ Kd5 56. Bd2 Kc4 57. Bc1 h4 58. Kf2 Kb3 59. Ke3 h3 60. Kf2 f4 0-1

[Event "AUT-chT2W 0708"]
[Site "Austria"]
[Date "2007.10.06"]
[Round "1.4"]
[White "Bensch, Patrick"]
[Black "Grundherr, Martin"]
[Result "1/2-1/2"]
[WhiteElo "2262"]
[BlackElo "2282"]
[PlyCount "40"]
[EventDate "2007.10.06"]
[EventType "team"]
[EventRounds "11"]
[EventCountry "AUT"]
[SourceTitle "EXT 2009"]
[Source "ChessBase"]
[SourceDate "2008.11.26"]
[SourceVersion "1"]
[SourceVersionDate "2008.11.26"]
[SourceQuality "1"]
[WhiteTeam "Ranshofen"]
[BlackTeam "Woergl"]
[WhiteTeamCountry "AUT"]
[BlackTeamCountry "AUT"]

1. e4 c5 2. Nf3 d6 3. d4 Nf6 4. Nc3 cxd4 5. Nxd4 a6 6. f3 e6 7. Be3 b5 8. g4 h6 9. Qd2 Bb7 10. 0-0-0 Nbd7 11. h4 b4 12. Nce2 d5 13. Bh3 g5 14. hxg5 hxg5 15. Bxg5 dxe4 16. Bg2 Rg8 17. Ng3 Qa5 18. Bxf6 Nxf6 19. Kb1 0-0-0 20. Qe2 Bg7 1/2-1/2

[Event "Landesliga Sued 0607"]
[Site "Bayern"]
[Date "2007.02.25"]
[Round "6.3"]
[White "Schreiner, Richard"]
[Black "Grundherr, Martin"]
[Result "1/2-1/2"]
[WhiteElo "2184"]
[BlackElo "2240"]
[PlyCount "58"]
[EventDate "2006.10.15"]
[EventType "team-tourn"]
[EventRounds "9"]
[EventCountry "GER"]
[SourceTitle "EXT 2008"]
[Source "ChessBase"]
[SourceDate "2007.11.25"]
[SourceVersion "1"]
[SourceVersionDate "2007.11.25"]
[SourceQuality "1"]
[WhiteTeam "Garching"]
[BlackTeam "Pang/Rosenheim"]
[WhiteTeamCountry "GER"]
[BlackTeamCountry "GER"]

1. e4 c6 2. d3 d5 3. Nd2 e5 4. g3 Nf6 5. Bg2 Bc5 6. Ngf3 Nbd7 7. 0-0 0-0 8. c3 a5 9. exd5 cxd5 10. d4 exd4 11. cxd4 Bb6 12. b3 Nb8 13. Ba3 Re8 14. Rc1 Nc6 15. Bc5 Bf5 16. Re1 Rxe1+ 17. Qxe1 Bxc5 18. Rxc5 Qd6 19. Qa1 Re8 20. Bf1 Ne4 21. Nxe4 Bxe4 22. Qc3 Bxf3 23. Qxf3 Re4 24. Qc3 g6 25. Bd3 Re6 26. Bb5 Ne7 27. Rc7 Qb6 28. Bd7 Re4 29. Rc5 Qd6 1/2-1/2

[Event "Landesliga Sued 0607"]
[Site "Bayern"]
[Date "2006.12.10"]
[Round "4.4"]
[White "Grundherr, Martin"]
[Black "Knechtel, Roland"]
[Result "1/2-1/2"]
[WhiteElo "2240"]
[BlackElo "2159"]
[PlyCount "108"]
[EventDate "2006.10.15"]
[EventType "team-tourn"]
[EventRounds "9"]
[EventCountry "GER"]
[SourceTitle "EXT 2008"]
[Source "ChessBase"]
[SourceDate "2007.11.25"]
[SourceVersion "1"]
[SourceVersionDate "2007.11.25"]
[SourceQuality "1"]
[WhiteTeam "Pang/Rosenheim"]
[BlackTeam "Bayerwald"]
[WhiteTeamCountry "GER"]
[BlackTeamCountry "GER"]

1. Nf3 c5 2. e4 d6 3. d4 cxd4 4. Nxd4 Nf6 5. Nc3 a6 6. f3 e5 7. Nb3 Be6 8. Nd5 Nxd5 9. exd5 Bf5 10. Be3 Nd7 11. Bd3 Bxd3 12. Qxd3 Be7 13. 0-0 0-0 14. c4 Rc8 15. Rfd1 Bg5 16. Bf2 a5 17. a4 b6 18. Nd2 f5 19. b4 axb4 20. Qb3 Nc5 21. Qxb4 Ra8 22. Nb3 Rf7 23. Rdb1 Rfa7 24. Nxc5 bxc5 25. Qa3 Qd7 26. Rb5 Bd2 27. Qb3 Bb4 28. Kf1 Ra6 29. Be1 Bxe1 30. Kxe1 Qd8 31. g3 h6 32. Kf2 Qg5 33. Ra2 e4 34. Rb8+ Kh7 35. Rxa8 Rxa8 36. Qe3 Qh5 37. Kg2 Qxf3+ 38. Qxf3 exf3+ 39. Kxf3 g5 40. a5 Ra6 41. Ke3 Kg6 42. Kd3 Kf6 43. Kc3 Ke7 44. Kb3 Kd7 45. Rf2 Rxa5 46. Rxf5 Ke7 47. Rf2 Ra8 48. Re2+ Kd7 49. Re6 Rh8 50. Kc3 h5 51. Rg6 Rf8 52. Rxg5 Rf3+ 53. Kd2 Rf2+ 54. Kd3 Rxh2 1/2-1/2

[Event "AUT-chT2W 0506"]
[Site "Austria"]
[Date "2006.03.19"]
[Round "11"]
[White "Grundherr, Martin"]
[Black "Heinzel, Olaf"]
[Result "1/2-1/2"]
[WhiteElo "2299"]
[BlackElo "2401"]
[PlyCount "67"]
[EventDate "2005.10.08"]
[EventType "team"]
[EventRounds "11"]
[EventCountry "AUT"]
[SourceTitle "EXT 2007"]
[Source "ChessBase"]
[SourceDate "2006.11.23"]
[SourceVersion "1"]
[SourceVersionDate "2006.11.23"]
[SourceQuality "1"]
[WhiteTeam "Woergl"]
[BlackTeam "Innsbruck Rochade"]
[WhiteTeamCountry "AUT"]
[BlackTeamCountry "AUT"]

1. Nf3 d5 2. c4 c6 3. d4 Nf6 4. Qc2 e6 5. e3 Ne4 6. Nc3 f5 7. Ne5 Nd7 8. f4 Nxe5 9. dxe5 Bb4 10. Bd3 Qa5 11. 0-0 Nxc3 12. bxc3 Bxc3 13. Rb1 d4 14. e4 0-0 15. exf5 exf5 16. g4 g6 17. gxf5 gxf5 18. Rf3 Qc7 19. Rg3+ Kh8 20. Ba3 c5 21. Qg2 Rb8 22. Kf2 Bd2 23. Bc1 Bxc1 24. Rxc1 Be6 25. Qh3 b5 26. cxb5 Rbc8 27. Qh6 Qf7 28. Rcg1 Rg8 29. Rxg8+ Rxg8 30. Rxg8+ Kxg8 31. Qg5+ Kf8 32. Qd8+ Kg7 33. Qg5+ Kf8 34. Qd8+ 1/2-1/2

[Event "AUT-chT2W 0506"]
[Site "Austria"]
[Date "2006.03.17"]
[Round "9"]
[White "Grundherr, Martin"]
[Black "Loeffler, Christoph"]
[Result "1-0"]
[WhiteElo "2299"]
[BlackElo "2177"]
[PlyCount "79"]
[EventDate "2005.10.08"]
[EventType "team"]
[EventRounds "11"]
[EventCountry "AUT"]
[SourceTitle "EXT 2007"]
[Source "ChessBase"]
[SourceDate "2006.11.23"]
[SourceVersion "1"]
[SourceVersionDate "2006.11.23"]
[SourceQuality "1"]
[WhiteTeam "Woergl"]
[BlackTeam "Salzburg"]
[WhiteTeamCountry "AUT"]
[BlackTeamCountry "AUT"]

1. e4 c6 2. d4 d5 3. exd5 cxd5 4. Bd3 Nf6 5. c3 Nc6 6. h3 e5 7. dxe5 Nxe5 8. Nf3 Nxd3+ 9. Qxd3 Be7 10. 0-0 0-0 11. Nbd2 Qc7 12. Re1 a6 13. Nf1 b5 14. Bg5 Be6 15. Ng3 h6 16. Bxf6 Bxf6 17. Nh5 Qd8 18. Rad1 Re8 19. Nd4 Bxd4 20. Qxd4 Qg5 21. Re5 f5 22. Nf4 Bf7 23. Rde1 Kh7 24. g3 Rxe5 25. Rxe5 Rc8 26. Qd3 g6 27. Qe3 Qd8 28. Qa7 Rc7 29. Qxa6 d4 30. Qxb5 dxc3 31. bxc3 Rxc3 32. Nd5 Rc1+ 33. Kh2 Rd1 34. Re7 Kg8 35. Rd7 Qa8 36. Nf6+ Kg7 37. Rxd1 Kxf6 38. Qb2+ Ke7 39. Qe5+ Be6 40. Qg7+ 1-0

[Event "Landesliga Sued 0506"]
[Site "Bayern"]
[Date "2006.02.19"]
[Round "7.4"]
[White "Grundherr, Martin"]
[Black "Ruether, Rudolf"]
[Result "1/2-1/2"]
[WhiteElo "2256"]
[BlackElo "2108"]
[PlyCount "86"]
[EventDate "2005.10.23"]
[EventType "team-tourn"]
[EventRounds "9"]
[EventCountry "GER"]
[SourceTitle "EXT 2007"]
[Source "ChessBase"]
[SourceDate "2006.11.23"]
[SourceVersion "1"]
[SourceVersionDate "2006.11.23"]
[SourceQuality "1"]
[WhiteTeam "Pang/Rosenheim"]
[BlackTeam "Muenchen Siemens"]
[WhiteTeamCountry "GER"]
[BlackTeamCountry "GER"]

1. e4 c5 2. Nf3 e6 3. d4 cxd4 4. Nxd4 a6 5. Bd3 Qc7 6. 0-0 Nf6 7. c4 Be7 8. Qe2 d6 9. Nc3 0-0 10. Be3 b6 11. Rfc1 Nbd7 12. b4 Bb7 13. Nb3 Rac8 14. f3 Qb8 15. a4 Rfe8 16. a5 d5 17. axb6 Bxb4 18. Na4 Bd6 19. cxd5 Bxh2+ 20. Kf2 Rxc1 21. Rxc1 exd5 22. Nac5 Nxc5 23. Nxc5 dxe4 24. Bxe4 Bxe4 25. Nxe4 Nxe4+ 26. fxe4 Bg3+ 27. Kg1 Qb7 28. Qg4 Be5 29. Rd1 h6 30. Qd7 Qxd7 31. Rxd7 Bg3 32. Bf2 Bb8 33. Rd4 Kh7 34. Ra4 f6 35. Kf1 Kg6 36. Be3 f5 37. exf5+ Kxf5 38. Kf2 Re6 39. Rxa6 g5 40. Ra5+ Kg4 41. Ra4+ Kf5 42. b7 Re7 43. Rb4 Re4 1/2-1/2

[Event "AUT-chT2W 0405"]
[Site "Austria"]
[Date "2005.03.05"]
[Round "10.3"]
[White "Weindl, Alfred"]
[Black "Grundherr, Martin"]
[Result "1-0"]
[WhiteElo "2354"]
[BlackElo "2315"]
[PlyCount "59"]
[EventDate "2004.10.16"]
[EventType "team-tourn"]
[EventRounds "11"]
[EventCountry "AUT"]
[SourceTitle "EXT 2005"]
[Source "ChessBase"]
[SourceDate "2004.11.15"]
[SourceVersion "1"]
[SourceVersionDate "2004.11.15"]
[SourceQuality "1"]
[WhiteTeam "Bregenz"]
[BlackTeam "Woergl"]
[WhiteTeamCountry "AUT"]
[BlackTeamCountry "AUT"]

1. Nf3 d5 2. g3 Bg4 3. Bg2 Nf6 4. c4 c6 5. cxd5 cxd5 6. Ne5 Bh5 7. Nc3 e6 8. Qa4+ Nbd7 9. g4 Bg6 10. h4 b5 11. Nxb5 Nxe5 12. Nc7+ Ke7 13. Nxa8 Qxa8 14. h5 Be4 15. f3 Nexg4 16. fxe4 Nxe4 17. Bxe4 dxe4 18. b3 f5 19. Ba3+ Kf6 20. Bb2+ Kg5 21. 0-0-0 Be7 22. Bxg7 Rc8+ 23. Kb1 Qd5 24. Qxa7 Bb4 25. Bd4 Bf8 26. Rdg1 Ra8 27. Qxh7 Qa5 28. Qg6+ Kf4 29. Rxg4+ fxg4 30. Qf6+ 1-0

[Event "Oberliga Bayern 0405"]
[Site "Bayern"]
[Date "2005.01.30"]
[Round "6.4"]
[White "Grundherr, Martin"]
[Black "Helbig, Uwe"]
[Result "1/2-1/2"]
[WhiteElo "2266"]
[BlackElo "2231"]
[PlyCount "30"]
[EventDate "2004.10.24"]
[EventType "team-tourn"]
[EventRounds "9"]
[EventCountry "GER"]
[SourceTitle "EXT 2020"]
[Source "ChessBase"]
[SourceDate "2019.10.17"]
[SourceVersion "1"]
[SourceVersionDate "2019.10.17"]
[SourceQuality "1"]
[WhiteTeam "Pang/Rosenheim"]
[BlackTeam "Muenchen 36"]
[WhiteTeamCountry "GER"]
[BlackTeamCountry "GER"]

1. Nf3 d6 2. e4 Nf6 3. Nc3 g6 4. d4 Bg7 5. Be3 0-0 6. Qd2 c6 7. Bh6 b5 8. Bd3 Qc7 9. h4 e5 10. h5 Nxh5 11. Rxh5 gxh5 12. Bxg7 Kxg7 13. Qg5+ Kh8 14. Qf6+ Kg8 15. Qg5+ Kh8 1/2-1/2

[Event "AUT-chT2W 0405"]
[Site "Austria"]
[Date "2004.12.03"]
[Round "3.2"]
[White "Grundherr, Martin"]
[Black "Hugentobler, Patrick"]
[Result "1-0"]
[WhiteElo "2315"]
[BlackElo "2237"]
[PlyCount "113"]
[EventDate "2004.10.16"]
[EventType "team-tourn"]
[EventRounds "11"]
[EventCountry "AUT"]
[SourceTitle "EXT 2005"]
[Source "ChessBase"]
[SourceDate "2004.11.15"]
[SourceVersion "1"]
[SourceVersionDate "2004.11.15"]
[SourceQuality "1"]
[WhiteTeam "Woergl"]
[BlackTeam "Lustenau"]
[WhiteTeamCountry "AUT"]
[BlackTeamCountry "AUT"]

1. Nf3 Nf6 2. c4 g6 3. b4 Bg7 4. Bb2 0-0 5. e3 b6 6. Be2 c5 7. b5 Bb7 8. 0-0 d5 9. cxd5 Qxd5 10. Nc3 Qd6 11. d4 Nbd7 12. Rc1 cxd4 13. Qxd4 Qxd4 14. Nxd4 Nc5 15. Rfd1 Rac8 16. Bf3 Nfe4 17. Nxe4 Nxe4 18. Ba3 Bf6 19. Nc6 Bxc6 20. bxc6 Nd6 21. Bxd6 exd6 22. c7 Bb2 23. Rc2 Ba3 24. Bb7 Bc5 25. Bxc8 Rxc8 26. Kf1 Rxc7 27. Ke2 f5 28. h3 h5 29. g4 hxg4 30. hxg4 Kf7 31. Rh1 Kf6 32. Kf3 Re7 33. gxf5 Kxf5 34. Rc4 g5 35. Rg4 d5 36. Rh8 Rg7 37. Rd8 Ke5 38. Ke2 Kf5 39. f3 Ke6 40. f4 Rh7 41. Rxg5 Rh2+ 42. Kd3 Rxa2 43. Re5+ Kf6 44. Rdxd5 Ra3+ 45. Ke2 a5 46. Rf5+ Kg6 47. Rg5+ Kf6 48. Rdf5+ Ke6 49. Re5+ Kf6 50. Rgf5+ Kg6 51. e4 a4 52. Re6+ Kg7 53. Rd5 Rh3 54. Rd7+ Kf8 55. e5 a3 56. Rc6 Ke8 57. Rcc7 1-0

[Event "AUT-chT2W 0304"]
[Site "Austria"]
[Date "2004.03.13"]
[Round "10"]
[White "Grundherr, Martin"]
[Black "Atlas, Dimitry"]
[Result "1/2-1/2"]
[WhiteElo "2327"]
[BlackElo "2281"]
[PlyCount "52"]
[EventDate "2003.10.18"]
[EventType "team-tourn"]
[EventRounds "11"]
[EventCountry "AUT"]
[SourceTitle "EXT 2005"]
[Source "ChessBase"]
[SourceDate "2004.11.15"]
[SourceVersion "1"]
[SourceVersionDate "2004.11.15"]
[SourceQuality "1"]
[WhiteTeam "Woergl"]
[BlackTeam "Hohenems II"]
[WhiteTeamCountry "AUT"]
[BlackTeamCountry "AUT"]

1. e4 e6 2. d4 d5 3. Nc3 Bb4 4. Qf3 dxe4 5. Qxe4 Nf6 6. Qh4 Bd7 7. Bd3 Bc6 8. Nge2 Nbd7 9. Bd2 Nb6 10. 0-0-0 Be7 11. Qg3 Qd7 12. f3 0-0-0 13. Kb1 Rhg8 14. h4 h6 15. h5 Kb8 16. Bc1 Bd6 17. Qh4 Be7 18. Qf2 Rge8 19. a3 Nfd5 20. Nxd5 exd5 21. g4 Bb5 22. Nc3 Bxd3 23. Rxd3 Nc4 24. Ka2 Qc6 25. b3 Nd6 26. Re1 Bf6 1/2-1/2

[Event "AUT-chT2W 0304"]
[Site "Austria"]
[Date "2004.03.12"]
[Round "9"]
[White "Grundherr, Martin"]
[Black "Bezler, Rainer"]
[Result "1/2-1/2"]
[WhiteElo "2327"]
[BlackElo "2228"]
[PlyCount "91"]
[EventDate "2003.10.18"]
[EventType "team-tourn"]
[EventRounds "11"]
[EventCountry "AUT"]
[SourceTitle "EXT 2005"]
[Source "ChessBase"]
[SourceDate "2004.11.15"]
[SourceVersion "1"]
[SourceVersionDate "2004.11.15"]
[SourceQuality "1"]
[WhiteTeam "Woergl"]
[BlackTeam "Bregenz"]
[WhiteTeamCountry "AUT"]
[BlackTeamCountry "AUT"]

1. Nf3 Nf6 2. c4 g6 3. b4 Bg7 4. Bb2 0-0 5. e3 d6 6. d4 Nbd7 7. Qb3 Re8 8. Nbd2 e5 9. dxe5 Nxe5 10. Be2 a5 11. a3 axb4 12. axb4 Rxa1+ 13. Bxa1 Ne4 14. Nxe4 Nxf3+ 15. Bxf3 Bxa1 16. Nc3 c5 17. 0-0 Bxc3 18. Qxc3 cxb4 19. Qxb4 Qc7 20. Rd1 Be6 21. Qxd6 Qxd6 22. Rxd6 Rc8 23. Bxb7 Rxc4 24. h3 h5 25. Kh2 Kf8 26. Bd5 Bxd5 27. Rxd5 Rc2 28. Kg3 Kg7 29. f4 h4+ 30. Kf3 f5 31. Rd7+ Kh6 32. g4 hxg3 33. Kxg3 Rc1 34. Re7 Rg1+ 35. Kf2 Rh1 36. Kg2 Re1 37. h4 Re2+ 38. Kg3 Re1 39. h5 gxh5 40. Re6+ Kg7 41. Kh4 Kf7 42. Rh6 Rxe3 43. Kg5 Rh3 44. Kxf5 h4 45. Rh7+ Kg8 46. Rh5 1/2-1/2

[Event "BL2-Sued 0304"]
[Site "Germany"]
[Date "2004.??.??"]
[Round "?.2"]
[White "Grundherr, Martin"]
[Black "Karpatchev, Aleksandr"]
[Result "0-1"]
[WhiteElo "2330"]
[BlackElo "2395"]
[PlyCount "58"]
[EventDate "2003.10.??"]
[EventType "team-tourn"]
[EventRounds "9"]
[EventCountry "GER"]
[SourceTitle "CBM 100 Extra"]
[Source "ChessBase"]
[SourceDate "2004.07.06"]
[SourceVersion "2"]
[SourceVersionDate "2004.07.06"]
[SourceQuality "1"]
[WhiteTeam "Pang/Rosenheim"]
[BlackTeam "Bad Mergentheim"]
[WhiteTeamCountry "GER"]
[BlackTeamCountry "GER"]

1. e4 e5 2. Nf3 Nc6 3. Nc3 Nf6 4. g3 d5 5. exd5 Nxd5 6. Bg2 Nxc3 7. bxc3 Bc5 8. 0-0 0-0 9. Re1 Bg4 10. h3 Bh5 11. d3 f5 12. Be3 Bxe3 13. fxe3 e4 14. dxe4 Qxd1 15. Raxd1 fxe4 16. Ng5 Bxd1 17. Rxd1 Rad8 18. Rb1 Rfe8 19. Nxe4 b6 20. Kf2 Re6 21. g4 Na5 22. Ke2 Rde8 23. Kd3 Nb7 24. Rb4 Rxe4 25. Rxe4 Nc5+ 26. Kd4 Rd8+ 27. Kc4 Nxe4 28. Bxe4 Rd2 29. h4 g6 0-1

[Event "AUT-chT2W 0304"]
[Site "Austria"]
[Date "2003.10.19"]
[Round "2"]
[White "Schmidt, Georg"]
[Black "Grundherr, Martin"]
[Result "1/2-1/2"]
[WhiteElo "2353"]
[BlackElo "2333"]
[PlyCount "45"]
[EventDate "2003.10.18"]
[EventType "team-tourn"]
[EventRounds "11"]
[EventCountry "AUT"]
[SourceTitle "CBM 097 Extra"]
[Source "ChessBase"]
[SourceDate "2004.01.13"]
[SourceVersion "1"]
[SourceVersionDate "2004.01.13"]
[SourceQuality "1"]
[WhiteTeam "Hallein/Mozart"]
[BlackTeam "Woergl"]
[WhiteTeamCountry "AUT"]
[BlackTeamCountry "AUT"]

1. e4 c6 2. d4 d5 3. exd5 cxd5 4. c4 Nf6 5. Nc3 e6 6. Nf3 Bb4 7. cxd5 exd5 8. Bd3 0-0 9. Ne5 Nc6 10. Nxc6 bxc6 11. 0-0 Qa5 12. Qc2 Ba6 13. Bxa6 Qxa6 14. Bg5 Bxc3 15. Bxf6 Bb4 16. Bg5 Rfe8 17. a3 Be7 18. Bxe7 Rxe7 19. Rfe1 Rae8 20. Rxe7 Rxe7 21. h3 Re2 22. Qc3 g6 23. Re1 1/2-1/2

[Event "BL2-Sued 0203"]
[Site "Germany"]
[Date "2003.03.09"]
[Round "8.1"]
[White "Grundherr, Martin"]
[Black "Gyimesi, Zoltan"]
[Result "1/2-1/2"]
[WhiteElo "2343"]
[BlackElo "2596"]
[PlyCount "117"]
[EventDate "2002.10.20"]
[EventType "team-tourn"]
[EventRounds "9"]
[EventCountry "GER"]
[SourceTitle "EXT 2004"]
[Source "ChessBase"]
[SourceDate "2003.11.25"]
[SourceVersion "1"]
[SourceVersionDate "2003.11.25"]
[SourceQuality "1"]
[WhiteTeam "Pang/Rosenheim"]
[BlackTeam "Eppingen"]
[WhiteTeamCountry "GER"]
[BlackTeamCountry "GER"]

1. e4 e5 2. Nf3 Nc6 3. Bb5 a6 4. Ba4 Nf6 5. 0-0 Be7 6. Nc3 b5 7. Bb3 d6 8. Nd5 Na5 9. d4 Nxb3 10. Nxf6+ Bxf6 11. axb3 exd4 12. Nxd4 Bb7 13. c4 0-0 14. f3 Re8 15. Nf5 Qd7 16. Qc2 g6 17. Nh6+ Kf8 18. Bd2 Bg7 19. Rac1 Rac8 20. Rfe1 Qe7 21. Ng4 Kg8 22. Bc3 h5 23. Ne3 Be5 24. Bxe5 Qxe5 25. Qc3 Kg7 26. Red1 bxc4 27. bxc4 Rb8 28. Rd2 Bc6 29. c5 Qxc3 30. Rxc3 dxc5 31. Rxc5 Re6 32. Nd5 Bxd5 33. exd5 Reb6 34. Rxc7 Rxb2 35. Rxb2 Rxb2 36. Ra7 Rb6 37. Kf2 Kf6 38. h4 Ke5 39. Rxf7 Kxd5 40. Ke3 Kc4 41. g4 a5 42. gxh5 gxh5 43. Ra7 Rb5 44. Ke4 Kb3 45. f4 a4 46. f5 Rb4+ 47. Ke5 a3 48. f6 Ra4 49. Rxa4 Kxa4 50. f7 a2 51. f8Q a1Q+ 52. Kd5 Qh1+ 53. Kc5 Qxh4 54. Qe8+ Kb3 55. Qe3+ Kc2 56. Qe2+ Kc1 57. Qe3+ Kd1 58. Qd4+ Qxd4+ 59. Kxd4 1/2-1/2

[Event "BL2-Sued 0203"]
[Site "Germany"]
[Date "2003.02.09"]
[Round "6.2"]
[White "Solomunovic, Igor"]
[Black "Grundherr, Martin"]
[Result "1-0"]
[WhiteElo "2429"]
[BlackElo "2343"]
[PlyCount "68"]
[EventDate "2002.10.20"]
[EventType "team-tourn"]
[EventRounds "9"]
[EventCountry "GER"]
[SourceTitle "EXT 2004"]
[Source "ChessBase"]
[SourceDate "2003.11.25"]
[SourceVersion "1"]
[SourceVersionDate "2003.11.25"]
[SourceQuality "1"]
[WhiteTeam "Heidelberg Handschuhsheim"]
[BlackTeam "Pang/Rosenheim"]
[WhiteTeamCountry "GER"]
[BlackTeamCountry "GER"]

1. e4 c6 2. d4 d5 3. Nc3 dxe4 4. Nxe4 Nd7 5. Nf3 Ngf6 6. Ng3 c5 7. Bc4 b5 8. Be2 e6 9. 0-0 Qb6 10. c4 bxc4 11. Bxc4 Bb7 12. Re1 cxd4 13. Nxd4 Bc5 14. Be3 0-0 15. Nc2 Ne5 16. Bf1 Rfd8 17. Qe2 Nd3 18. Red1 Bxe3 19. Qxe3 Nc5 20. b4 Nce4 21. Qxb6 axb6 22. Rxd8+ Rxd8 23. Ne3 Kf8 24. a4 Rd4 25. a5 Rxb4 26. a6 Ba8 27. Nxe4 Nxe4 28. Nc2 Rb2 29. Nd4 Ke7 30. Bb5 Nc3 31. Bc6 Ne2+ 32. Kf1 Nxd4 33. Bxa8 Nb5 34. a7 Nc3 1-0

[Event "BL2-Sued 0203"]
[Site "Germany"]
[Date "2003.01.26"]
[Round "5.1"]
[White "Beikert, Guenther"]
[Black "Grundherr, Martin"]
[Result "1-0"]
[WhiteElo "2444"]
[BlackElo "2343"]
[PlyCount "60"]
[EventDate "2002.10.20"]
[EventType "team-tourn"]
[EventRounds "9"]
[EventCountry "GER"]
[SourceTitle "EXT 2004"]
[Source "ChessBase"]
[SourceDate "2003.11.25"]
[SourceVersion "1"]
[SourceVersionDate "2003.11.25"]
[SourceQuality "1"]
[WhiteTeam "Viernheim"]
[BlackTeam "Pang/Rosenheim"]
[WhiteTeamCountry "GER"]
[BlackTeamCountry "GER"]

1. e4 c6 2. d4 d5 3. exd5 cxd5 4. c3 Nf6 5. Bf4 Qb6 6. Qb3 Nbd7 7. Nf3 e6 8. Bd3 Qxb3 9. axb3 Nh5 10. Bc7 Be7 11. h3 0-0 12. Nbd2 Nhf6 13. Bh2 Ne8 14. Ne5 Nd6 15. 0-0 f6 16. Nef3 g5 17. Rfe1 Nb6 18. c4 dxc4 19. bxc4 Ne8 20. Ne4 Bd7 21. Nc5 Bxc5 22. dxc5 Na4 23. b4 e5 24. Be4 Nc3 25. Bxb7 Rb8 26. c6 Bf5 27. Nxe5 Rd8 28. Ng4 Bxg4 29. hxg4 Rf7 30. Kf1 Nd6 1-0

[Event "BL2-Sued 0304"]
[Site "Germany"]
[Date "2003.??.??"]
[Round "?.2"]
[White "Tompa, Janos"]
[Black "Grundherr, Martin"]
[Result "1/2-1/2"]
[WhiteElo "2395"]
[BlackElo "2330"]
[PlyCount "37"]
[EventDate "2003.10.??"]
[EventType "team-tourn"]
[EventRounds "9"]
[EventCountry "GER"]
[SourceTitle "CBM 100 Extra"]
[Source "ChessBase"]
[SourceDate "2004.07.06"]
[SourceVersion "2"]
[SourceVersionDate "2004.07.06"]
[SourceQuality "1"]
[WhiteTeam "Kirchheim"]
[BlackTeam "Pang/Rosenheim"]
[WhiteTeamCountry "GER"]
[BlackTeamCountry "GER"]

1. e4 c6 2. d4 d5 3. Nc3 dxe4 4. Nxe4 Nd7 5. Bc4 Ngf6 6. Ng5 e6 7. Qe2 Nb6 8. Bd3 h6 9. N5f3 Nbd7 10. Ne5 c5 11. dxc5 Nxe5 12. Qxe5 Nd7 13. Qe2 Nxc5 14. Bb5+ Bd7 15. Bd2 Qb6 16. Bxd7+ Nxd7 17. 0-0-0 Be7 18. Be3 Bc5 19. Rd3 1/2-1/2

[Event "AUT-chT2W 0203"]
[Site "Austria"]
[Date "2002.12.01"]
[Round "6"]
[White "Grundherr, Martin"]
[Black "Hausner, Ivan"]
[Result "1/2-1/2"]
[WhiteElo "2343"]
[BlackElo "2412"]
[PlyCount "44"]
[EventDate "2002.10.??"]
[EventType "team"]
[EventRounds "11"]
[EventCountry "AUT"]
[SourceTitle "EXT 2004"]
[Source "ChessBase"]
[SourceDate "2003.11.25"]
[SourceVersion "1"]
[SourceVersionDate "2003.11.25"]
[SourceQuality "1"]

1. e4 e6 2. d4 d5 3. Nc3 Be7 4. Nf3 Nf6 5. Bd3 b6 6. Bg5 dxe4 7. Nxe4 Bb7 8. Qe2 Nc6 9. Bxf6 gxf6 10. 0-0-0 Nb4 11. Bc4 Nd5 12. Bxd5 Qxd5 13. Nc3 Qd7 14. d5 0-0-0 15. dxe6 Qxe6 16. Rhe1 Qxe2 17. Rxe2 Rxd1+ 18. Nxd1 Bd6 19. Nh4 Bf4+ 20. Ne3 Bg5 21. Nhf5 Re8 22. h4 Bxe3+ 1/2-1/2

[Event "BL2-Sued 0203"]
[Site "Germany"]
[Date "2002.11.17"]
[Round "2.2"]
[White "Schnepp, Gunnar"]
[Black "Grundherr, Martin"]
[Result "1-0"]
[WhiteElo "2278"]
[BlackElo "2343"]
[PlyCount "133"]
[EventDate "2002.10.20"]
[EventType "team-tourn"]
[EventRounds "9"]
[EventCountry "GER"]
[SourceTitle "EXT 2004"]
[Source "ChessBase"]
[SourceDate "2003.11.25"]
[SourceVersion "1"]
[SourceVersionDate "2003.11.25"]
[SourceQuality "1"]
[WhiteTeam "Schmiden Cannstatt"]
[BlackTeam "Pang/Rosenheim"]
[WhiteTeamCountry "GER"]
[BlackTeamCountry "GER"]

1. e4 c6 2. d4 d5 3. Nd2 dxe4 4. Nxe4 Nd7 5. Bc4 Ngf6 6. Ng5 e6 7. Qe2 Nb6 8. Bd3 h6 9. N5f3 Nbd7 10. Ne5 c5 11. dxc5 Nxe5 12. Qxe5 Nd7 13. Qe2 Nxc5 14. Bb5+ Bd7 15. Bd2 a6 16. Bxd7+ Qxd7 17. Nf3 Bd6 18. 0-0-0 Qc7 19. Kb1 0-0-0 20. Bb4 Na4 21. Bxd6 Rxd6 22. Rxd6 Qxd6 23. Qc4+ Qc6 24. Qd4 f6 25. Rd1 e5 26. Qg4+ Kb8 27. Qd7 Rc8 28. Qxc6 Rxc6 29. Rd7 Rc7 30. Rxc7 Kxc7 31. Nh4 Kd7 32. Nf5 g6 33. Nxh6 Ke6 34. Ng4 f5 35. Ne3 f4 36. Nd1 e4 37. Kc1 Ke5 38. Kd2 b5 39. b3 Nb6 40. Nc3 Kd4 41. Ne2+ Ke5 42. h4 Nd5 43. a3 e3+ 44. Ke1 Ke4 45. f3+ Ke5 46. Nc1 Kd4 47. Ne2+ Ke5 48. c4 bxc4 49. bxc4 Ne7 50. c5 Nf5 51. c6 Kd6 52. Nxf4 Nxh4 53. c7 Kd7 54. Ke2 g5 55. g3 Nf5 56. Nd5 Nxg3+ 57. Kxe3 Nf5+ 58. Ke4 Nh4 59. a4 a5 60. Ke3 Nf5+ 61. Kd3 Nh4 62. Kc4 Nxf3 63. Kb5 Ne5 64. Kb6 Nc4+ 65. Kb7 Nd6+ 66. Kb8 Kc6 67. Ne3 1-0